[Event "OLNO 1920 SC Weisse Dame - SC Kreuzberg"]
[Site "?"]
[Date "2020.01.19"]
[Round "5.4"]
[White "Abraham, Ingo"]
[Black "Glantz, Robert"]
[Result "1/2-1/2"]
[WhiteElo "2216"]
[BlackElo "2308"]
[PlyCount "106"]
[EventDate "2020.??.??"]

1. d4 f5 2. Nf3 Nf6 3. g3 e6 4. Bg2 Be7 5. O-O O-O 6. c4 d6 7. Nc3 Ne4 8. Bd2
Nc6 9. d5 Nxd2 10. Qxd2 Ne5 11. Nxe5 dxe5 12. Rfd1 e4 13. dxe6 Qxd2 14. Rxd2 c6
15. e3 Bxe6 16. Bf1 a6 17. Rc1 Rfd8 18. Rdc2 b5 19. Ne2 Bf6 20. cxb5 cxb5 21.
b3 Rdc8 22. Nf4 Rxc2 23. Rxc2 Bf7 24. Rc5 g6 25. Nd5 Bd8 26. a4 bxa4 27. bxa4
a5 28. Bb5 Kf8 29. Kg2 Kg7 30. h3 Ra7 31. Rc8 Bg5 32. Nf4 Be7 33. Bc4 Rd7 34.
Bxf7 Kxf7 35. Ra8 Bb4 36. Ra6 Be1 37. Kf1 Bb4 38. g4 Rd1+ 39. Kg2 Be1 40. gxf5
Rd2 41. fxg6+ hxg6 42. Rxa5 Bxf2 43. Ra7+ Kf6 44. Ra6+ Kg5 45. Ra5+ Kh6 46. Kf1
Bxe3 47. Ne2 Rd1+ 48. Kg2 Rd2 49. Kf1 Rd1+ 50. Kg2 Re1 51. Ng3 Bd2 52. Re5 Bf4
53. Re6 Bxg3 1/2-1/2

[Event "OLNO 1920 SC Weisse Dame - SC Kreuzberg"]
[Site "?"]
[Date "2020.01.19"]
[Round "5.5"]
[White "Lerch, Philipp"]
[Black "Kaiser, Martin"]
[Result "1/2-1/2"]
[WhiteElo "2309"]
[BlackElo "2139"]
[PlyCount "46"]
[EventDate "2020.??.??"]

1. d4 Nf6 2. Nf3 d5 3. Bg5 e6 4. e3 Be7 5. Bd3 c5 6. c3 Nc6 7. Nbd2 O-O 8. Ne5
Nxe5 9. dxe5 Nd7 10. Bxe7 Qxe7 11. Nf3 f6 12. exf6 Qxf6 13. Be2 Ne5 14. Nxe5
Qxe5 15. Bf3 Bd7 16. Qe2 Bc6 17. Rd1 b5 18. O-O a5 19. Rfe1 Rad8 20. g3 Qf6 21.
Bg2 e5 22. f4 Rfe8 23. Qc2 h6 1/2-1/2

[Event "OLNO 1920 SC Weisse Dame - SC Kreuzberg"]
[Site "?"]
[Date "2020.01.19"]
[Round "5.6"]
[White "Kyritz, Michael"]
[Black "Moritz, Aron"]
[Result "1/2-1/2"]
[WhiteElo "2246"]
[BlackElo "2207"]
[PlyCount "87"]
[EventDate "2020.??.??"]

1. b3 e5 2. Bb2 d6 3. c4 g6 4. Nc3 Bg7 5. g3 Nf6 6. Bg2 O-O 7. e3 c6 8. Nge2
Re8 9. O-O h5 10. h3 Nbd7 11. d3 Qe7 12. Qd2 Bh6 13. Rad1 Nf8 14. Ne4 d5 15.
Nxf6+ Qxf6 16. cxd5 cxd5 17. Qa5 Qd6 18. Nc3 d4 19. Nb5 Qd8 20. Qxd8 Rxd8 21.
exd4 exd4 22. Bxd4 Bf5 23. Bf6 Rxd3 24. Nd6 Rxd1 25. Rxd1 Bc2 26. Re1 Nd7 27.
Bxb7 Rb8 28. Be7 Nb6 29. Be4 Bxe4 30. Nxe4 f5 31. Bg5 Bf8 32. Nf6+ Kf7 33. Rc1
Rb7 34. Nh7 Ba3 35. Rc6 Nd5 36. Bd8 Nb4 37. Ng5+ Ke8 38. Rc8 Kd7 39. Ra8 Nxa2
40. Bf6 Be7 41. Bxe7 Kxe7 42. h4 Nc1 43. Rc8 Nxb3 44. Rc6 1/2-1/2

[Event "OLNO 1920 SC Weisse Dame - SC Kreuzberg"]
[Site "?"]
[Date "2020.01.19"]
[Round "5.7"]
[White "Lehmann, Klaus"]
[Black "Prange, Stefan"]
[Result "1/2-1/2"]
[WhiteElo "2242"]
[BlackElo "2173"]
[PlyCount "98"]
[EventDate "2020.??.??"]

1. Nf3 Nf6 2. b3 d5 3. Bb2 Bf5 4. e3 e6 5. c4 Be7 6. Be2 O-O 7. O-O c5 8. Nh4
Bg6 9. Nxg6 hxg6 10. Bf3 Nc6 11. Nc3 Rc8 12. cxd5 exd5 13. Ne2 Qd6 14. d3 Ne5
15. Bxe5 Qxe5 16. d4 cxd4 17. Qxd4 Qxd4 18. Nxd4 a6 19. Rfd1 Rc7 20. Rd3 Rfc8
21. Ne2 Rc2 22. a4 Rb2 23. Nf4 Rcc2 24. Nxd5 Nxd5 25. Bxd5 Rxf2 26. Bxb7 Bg5
27. Rf1 Rfe2 28. Bd5 Bxe3+ 29. Kh1 Rf2 30. Rdd1 a5 31. Rxf2 Rxf2 32. g3 Kh7 33.
Re1 Bc5 34. Rc1 Bb4 35. Rc8 g5 36. Kg1 Rf6 37. Kg2 g6 38. h4 gxh4 39. gxh4 Rf5
40. Bf3 Kg7 41. Re8 Bc3 42. Re4 Bb4 43. Rd4 Bc3 44. Rd5 Rxd5 45. Bxd5 f6 46.
Kh3 Kh6 47. Bf3 Bb4 48. Be2 Bc3 49. Bf3 Bb4 1/2-1/2

[Event "OLNO 1920 SC Weisse Dame - SC Kreuzberg"]
[Site "?"]
[Date "2020.01.19"]
[Round "5.8"]
[White "Gelman, Josef"]
[Black "Glienke, Manfred"]
[Result "1/2-1/2"]
[WhiteElo "2001"]
[BlackElo "2236"]
[PlyCount "61"]
[EventDate "2020.??.??"]

1. Nf3 Nf6 2. g3 b6 3. Bg2 Bb7 4. O-O e6 5. c4 Be7 6. Nc3 O-O 7. d4 Ne4 8. Qc2
Nxc3 9. Qxc3 d6 10. b3 Nd7 11. Qc2 Nf6 12. Bg5 Be4 13. Qd2 a5 14. Qe3 Bb7 15.
Bxf6 Bxf6 16. Rad1 Qe7 17. Qd3 g6 18. Rfe1 Rad8 19. e4 Bg7 20. Qe3 c5 21. dxc5
dxc5 22. e5 Rxd1 23. Rxd1 Rd8 24. Rxd8+ Qxd8 25. Nd2 Bxg2 26. Kxg2 Bxe5 27.
Qxe5 Qxd2 28. Qb8+ Kg7 29. Qxb6 Qxa2 30. Qxc5 Qxb3 31. Qe5+ 1/2-1/2

[Event "OLNO 1920 SV Empor Berlin - Greifswalde"]
[Site "?"]
[Date "2020.01.19"]
[Round "5.1"]
[White "Leisner, Hannes"]
[Black "Volke, Karsten"]
[Result "0-1"]
[WhiteElo "2239"]
[BlackElo "2450"]
[PlyCount "74"]
[EventDate "2020.??.??"]

1. Nf3 Nf6 2. c4 e6 3. g3 d5 4. Bg2 dxc4 5. Na3 Bxa3 6. bxa3 O-O 7. Bb2 Nbd7 8.
Rc1 c5 9. Rxc4 b5 10. Rh4 Bb7 11. O-O h6 12. Qb1 a6 13. a4 b4 14. Rc1 Rc8 15.
Ba1 a5 16. a3 Re8 17. d4 cxd4 18. axb4 Rxc1+ 19. Qxc1 Bxf3 20. Bxf3 e5 21. b5
Qc8 22. Bc6 Nb8 23. e3 Nxc6 24. Qxc6 Qf5 25. Kg2 Rc8 26. Qf3 Qxf3+ 27. Kxf3 Rc1
28. Bxd4 exd4 29. Rxd4 g5 30. Rd8+ Kg7 31. Ra8 g4+ 32. Kf4 Rc4+ 33. Kf5 Rxa4
34. b6 Rb4 35. Rxa5 Rxb6 36. Ra2 Rb5+ 37. Kf4 Kg6 0-1

[Event "OLNO 1920 SV Empor Berlin - Greifswalde"]
[Site "?"]
[Date "2020.01.19"]
[Round "5.2"]
[White "Thinius, Marco"]
[Black "Stubbe, Wilko"]
[Result "1/2-1/2"]
[WhiteElo "2405"]
[BlackElo "2204"]
[PlyCount "99"]
[EventDate "2020.??.??"]

1. Nf3 Nf6 2. c4 g6 3. Nc3 Bg7 4. e4 c5 5. d4 cxd4 6. Nxd4 d6 7. Be2 Nc6 8. Be3
Bd7 9. Nc2 Rc8 10. f3 Qc7 11. O-O Qb8 12. Qd2 Be6 13. Rac1 O-O 14. Na3 Rfe8 15.
Rfd1 Na5 16. b3 Nc6 17. Kh1 Red8 18. Nc2 Ne8 19. Nd5 Nf6 20. Ncb4 Bxd5 21. Nxd5
Re8 22. c5 dxc5 23. Bxc5 a6 24. Qe3 Qe5 25. Nb6 Rcd8 26. Nc4 Qe6 27. Nb6 Qe5
28. a4 Rxd1+ 29. Rxd1 Bh6 30. Qf2 Bf4 31. g3 Bh6 32. b4 Rd8 33. Rxd8+ Nxd8 34.
Qd4 Qc7 35. Nd5 Nxd5 36. exd5 Bg7 37. Qe4 Bf6 38. a5 Qd7 39. Kg2 e6 40. Bc4
exd5 41. Bxd5 Ne6 42. Be3 Nd8 43. Bb6 Kg7 44. f4 Nc6 45. Bc5 h5 46. Qc4 h4 47.
h3 hxg3 48. Kxg3 Ne7 49. Bxe7 Qxe7 50. Qe4 1/2-1/2

[Event "OLNO 1920 SV Empor Berlin - Greifswalde"]
[Site "?"]
[Date "2020.01.19"]
[Round "5.3"]
[White "Fromm, Marius"]
[Black "Foerster, Jonas"]
[Result "0-1"]
[WhiteElo "2214"]
[BlackElo "2277"]
[PlyCount "60"]
[EventDate "2020.??.??"]

1. e4 d6 2. d4 Nf6 3. Nc3 g6 4. Be3 c6 5. Qd2 Nbd7 6. O-O-O b5 7. f3 Qa5 8. Kb1
b4 9. Nce2 Ba6 10. g4 Nb6 11. Ng3 Bxf1 12. Nxf1 h5 13. g5 Nfd7 14. f4 Na4 15.
Qd3 Rb8 16. Ne2 Bg7 17. f5 Nxb2 18. Kxb2 Nc5 19. Qc4 d5 20. Qxc5 Qxc5 21. f6
Bxf6 22. gxf6 Qc4 23. Re1 exf6 24. Nd2 Qa6 25. Bf4 Rd8 26. e5 O-O 27. exf6 Rfe8
28. Be5 c5 29. Nf4 Qa3+ 30. Ka1 Qc3+ 0-1

[Event "OLNO 1920 SV Empor Berlin - Greifswalde"]
[Site "?"]
[Date "2020.01.19"]
[Round "5.4"]
[White "Urban, Julian"]
[Black "Skibbe, Willi"]
[Result "1/2-1/2"]
[WhiteElo "2239"]
[BlackElo "2214"]
[PlyCount "61"]
[EventDate "2020.??.??"]

1. Nf3 d5 2. g3 c5 3. Bg2 Nc6 4. O-O e6 5. d3 Bd6 6. e4 Nge7 7. Nbd2 f6 8. exd5
exd5 9. c4 Be6 10. Re1 Qd7 11. Qe2 Bg4 12. cxd5 Nd4 13. Qd1 O-O-O 14. Nb3 Nxf3+
15. Bxf3 h5 16. Be3 Qf5 17. Be4 Bxd1 18. Bxf5+ Nxf5 19. Raxd1 b6 20. d4 c4 21.
Rc1 b5 22. a4 a6 23. axb5 axb5 24. Nc5 Bxc5 25. dxc5 Rxd5 26. Ra1 Kb7 27. c6+
Kxc6 28. Ra6+ Kd7 29. Ra7+ Kc6 30. Ra6+ Kd7 31. Ra7+ 1/2-1/2

[Event "OLNO 1920 SV Empor Berlin - Greifswalde"]
[Site "?"]
[Date "2020.01.19"]
[Round "5.5"]
[White "Weber, Max"]
[Black "Sulayev, Daniel"]
[Result "1-0"]
[WhiteElo "2248"]
[BlackElo "2155"]
[PlyCount "91"]
[EventDate "2020.??.??"]

1. Nf3 g6 2. d4 Nf6 3. c4 Bg7 4. g3 O-O 5. Bg2 c5 6. O-O cxd4 7. Nxd4 Nc6 8.
Nc3 Nxd4 9. Qxd4 d6 10. Qd3 Rb8 11. Be3 a6 12. Ba7 Ra8 13. Bd4 Bf5 14. e4 Be6
15. f4 Qc8 16. b3 Bh3 17. Rad1 Bxg2 18. Kxg2 Qc6 19. Bxf6 Bxf6 20. Nd5 Rfe8 21.
Nxf6+ exf6 22. Qd5 Qxd5 23. Rxd5 Rxe4 24. Rxd6 f5 25. Rf2 Rc8 26. Rc2 Rc7 27.
Kf2 Kf8 28. Rd5 Ke7 29. Re2 Rc6 30. Re5+ Re6 31. Rxe6+ Rxe6 32. Rxe6+ fxe6 33.
Ke3 Kd6 34. Kd4 a5 35. a3 e5+ 36. fxe5+ Ke6 37. b4 axb4 38. axb4 g5 39. c5 f4
40. gxf4 gxf4 41. Ke4 f3 42. Kxf3 Kxe5 43. Ke3 h6 44. h3 h5 45. h4 Kf5 46. Kd4
1-0

[Event "OLNO 1920 SV Empor Berlin - Greifswalde"]
[Site "?"]
[Date "2020.01.19"]
[Round "5.6"]
[White "Meissner, Hans-Juergen"]
[Black "Stopsack, Malte"]
[Result "1/2-1/2"]
[WhiteElo "2198"]
[BlackElo "2226"]
[PlyCount "73"]
[EventDate "2020.??.??"]

1. d4 Nf6 2. Nf3 g6 3. c4 Bg7 4. Nc3 d6 5. e4 O-O 6. Be2 e5 7. O-O Nc6 8. d5
Ne7 9. Ne1 Nd7 10. Nd3 f5 11. Bd2 Kh8 12. b4 Ng8 13. f3 Ngf6 14. c5 c6 15. dxc6
bxc6 16. cxd6 Ne8 17. Be3 Nxd6 18. Nc5 Nf6 19. Qd2 Nf7 20. Qxd8 Rxd8 21. Rfd1
Rf8 22. Bc4 fxe4 23. N5xe4 Nxe4 24. Nxe4 Nd8 25. Bc5 Ne6 26. Bxf8 Bxf8 27. b5
cxb5 28. Bxb5 Nd4 29. Bc4 Bf5 30. Bd3 Rd8 31. Rac1 Bh6 32. Rc7 a5 33. Rc5 Nxf3+
34. gxf3 Bxe4 35. Rc3 Bxf3 36. Rb1 Be3+ 37. Kf1 1/2-1/2

[Event "OLNO 1920 SV Empor Berlin - Greifswalde"]
[Site "?"]
[Date "2020.01.19"]
[Round "5.7"]
[White "Lange, Jannis"]
[Black "Jahn, Thomas"]
[Result "1/2-1/2"]
[WhiteElo "2042"]
[BlackElo "2212"]
[PlyCount "140"]
[EventDate "2020.??.??"]

1. e4 e5 2. Nf3 Nc6 3. d4 exd4 4. Bc4 Nf6 5. e5 Ng4 6. Bxf7+ Kxf7 7. Ng5+ Kg8
8. Qxg4 h6 9. Nf3 d6 10. Qe4 dxe5 11. O-O Qf6 12. Re1 Bf5 13. Qd5+ Be6 14. Qb5
Rd8 15. Nbd2 Bd5 16. c4 dxc3 17. bxc3 Qg6 18. Qb1 Qxb1 19. Rxb1 g5 20. c4 Bxf3
21. Nxf3 Bb4 22. Rf1 e4 23. Ne5 Nxe5 24. Rxb4 b6 25. c5 Nd3 26. Rxe4 Nxc5 27.
Rg4 Ne6 28. f4 h5 29. Rg3 g4 30. h3 Nd4 31. Ra3 a5 32. hxg4 hxg4 33. f5 Kf7 34.
Bg5 Rd5 35. Re3 Nxf5 36. Re4 Kg6 37. Bf4 Rh7 38. Re6+ Kh5 39. g3 Nd4 40. Re8
Nf3+ 41. Kf2 Kg6 42. Ke3 Rdd7 43. Re6+ Kf5 44. Rc6 Rh2 45. Rb1 Nd4 46. Rxc7
Nc2+ 47. Rxc2 Rxc2 48. Rb5+ Rc5 49. Rxb6 Rc3+ 50. Ke2 Rc2+ 51. Ke3 Rxa2 52.
Rb5+ Kf6 53. Rb6+ Kf7 54. Ke4 a4 55. Kf5 a3 56. Rf6+ Ke8 57. Ra6 Rd3 58. Ke6
Re2+ 59. Be5 Ree3 60. Ra8+ Rd8 61. Ra7 Rc8 62. Re7+ Kf8 63. Rf7+ Kg8 64. Rg7+
Kh8 65. Ra7+ Rxe5+ 66. Kxe5 Rf8 67. Rxa3 Rf3 68. Ra4 Rxg3 69. Kf4 Rg1 70. Ra5
Kh7 1/2-1/2

[Event "OLNO 1920 SV Empor Berlin - Greifswalde"]
[Site "?"]
[Date "2020.01.19"]
[Round "5.8"]
[White "Silz, Elisa"]
[Black "Kuersten, Ruediger"]
[Result "0-1"]
[WhiteElo "2054"]
[BlackElo "2184"]
[PlyCount "60"]
[EventDate "2020.??.??"]

1. d4 d5 2. c4 c6 3. Nf3 Nf6 4. e3 Bf5 5. Nc3 e6 6. Nh4 Be4 7. f3 Bg6 8. g3 Be7
9. Be2 O-O 10. O-O c5 11. cxd5 Nxd5 12. Nxg6 hxg6 13. e4 cxd4 14. exd5 dxc3 15.
dxe6 Qb6+ 16. Kh1 cxb2 17. exf7+ Kh8 18. Bxb2 Qxb2 19. Bc4 Qf6 20. Rb1 Rd8 21.
Qe2 Nd7 22. Rxb7 Ne5 23. Bb3 Bc5 24. Qg2 g5 25. Qh3+ Qh6 26. Qf5 Rd2 27. h4 Qa6
28. Re1 Re2 29. Rd1 Qxb7 30. Rd5 Qb4 0-1

[Event "OLNO 1920 SG Lok Brandenburg - SF Berli"]
[Site "?"]
[Date "2020.01.19"]
[Round "5.1"]
[White "Modler, Andreas"]
[Black "Rehberg, Raphael"]
[Result "1/2-1/2"]
[WhiteElo "2225"]
[BlackElo "2234"]
[PlyCount "83"]
[EventDate "2020.??.??"]

1. c4 e6 2. Nc3 d5 3. d4 c6 4. e3 Nf6 5. Nf3 Nbd7 6. Qc2 Be7 7. b3 O-O 8. Be2
b6 9. O-O Bb7 10. Bb2 dxc4 11. bxc4 c5 12. Rfd1 cxd4 13. exd4 Qc7 14. a4 Rac8
15. Nd2 e5 16. d5 Bb4 17. Nde4 Nxe4 18. Nxe4 f5 19. Ng5 Nc5 20. Bc3 Bxc3 21.
Qxc3 Rf6 22. a5 e4 23. axb6 axb6 24. g3 f4 25. Bg4 Rd8 26. Ne6 Nxe6 27. Bxe6+
Kh8 28. gxf4 Qxf4 29. Qe3 Rg6+ 30. Kh1 Qd6 31. Rg1 Rf6 32. Qg5 Rg6 33. Qe3 Rf6
34. Rg3 Bc8 35. Bxc8 Rxc8 36. Qxe4 Rxf2 37. Qg4 Rg8 38. Qd4 Rf4 39. Qd3 Rgf8
40. Rb1 Qc5 41. Rbg1 Qxc4 42. Qxc4 1/2-1/2

[Event "OLNO 1920 SG Lok Brandenburg - SF Berli"]
[Site "?"]
[Date "2020.01.19"]
[Round "5.3"]
[White "Hoffmann, Udo"]
[Black "Walter, Guenter"]
[Result "1-0"]
[WhiteElo "2327"]
[BlackElo "2151"]
[PlyCount "83"]
[EventDate "2020.??.??"]

1. e4 d6 2. d4 Nf6 3. Nc3 g6 4. Bc4 Bg7 5. Qe2 c6 6. e5 dxe5 7. dxe5 Nd5 8. Bd2
Be6 9. O-O-O Nd7 10. f4 N7b6 11. Bb3 Nxc3 12. Bxc3 Qc8 13. Nf3 O-O 14. h4 c5
15. Bxe6 Qxe6 16. b3 a5 17. Qe4 a4 18. h5 Rfc8 19. hxg6 hxg6 20. g4 axb3 21.
axb3 Qc6 22. Qxc6 Rxc6 23. f5 c4 24. Kb2 cxb3 25. cxb3 Rac8 26. Rd3 Nd5 27.
Rxd5 Rxc3 28. Rd8+ Rxd8 29. Kxc3 gxf5 30. gxf5 Rd5 31. Kc4 Ra5 32. Rd1 Ra2 33.
Rd8+ Kh7 34. Ng5+ Kh6 35. Nxf7+ Kh5 36. Rg8 Rg2 37. Kd5 Rg3 38. f6 exf6 39.
exf6 Rxb3 40. Rxg7 Rf3 41. Rh7+ Kg6 42. Ne5+ 1-0

[Event "OLNO 1920 SG Lok Brandenburg - SF Berli"]
[Site "?"]
[Date "2020.01.19"]
[Round "5.4"]
[White "Urban, Hans-Rainer"]
[Black "Brettschneider, Stefan"]
[Result "0-1"]
[WhiteElo "2030"]
[BlackElo "2277"]
[PlyCount "56"]
[EventDate "2020.??.??"]

1. Nf3 Nf6 2. c4 g6 3. Nc3 d5 4. cxd5 Nxd5 5. g3 Nxc3 6. bxc3 Bg7 7. Bg2 O-O 8.
O-O c5 9. Bb2 Nc6 10. d3 Rb8 11. Nd2 Qd7 12. Ne4 b6 13. Qc2 f5 14. Ng5 h6 15.
Qb3+ Kh8 16. Nh3 Na5 17. Qc2 Bb7 18. c4 Bxg2 19. Bxg7+ Kxg7 20. Qc3+ Kh7 21.
Kxg2 e6 22. Ng1 Nc6 23. Nf3 Qd6 24. h4 Rbd8 25. Rad1 Rd7 26. Rfe1 e5 27. Qc2
Qf6 28. Qb2 e4 0-1

[Event "OLNO 1920 SG Lok Brandenburg - SF Berli"]
[Site "?"]
[Date "2020.01.19"]
[Round "5.6"]
[White "Rettig, Maik"]
[Black "Van Hasselt, Frank"]
[Result "1-0"]
[WhiteElo "2034"]
[BlackElo "2253"]
[PlyCount "113"]
[EventDate "2020.??.??"]

1. d4 d6 2. Nf3 Bg4 3. Bf4 Bxf3 4. exf3 g6 5. c3 c6 6. Nd2 Nd7 7. Qb3 Qb6 8.
Nc4 Qxb3 9. axb3 Ngf6 10. Bd3 Bg7 11. O-O O-O 12. Rfe1 Rfe8 13. Re2 c5 14. Rae1
Kf8 15. dxc5 Nxc5 16. Bc2 Ne6 17. Bd2 Rac8 18. f4 b5 19. Na3 b4 20. Nc4 d5 21.
Ne5 bxc3 22. bxc3 Nd4 23. cxd4 Rxc2 24. Bb4 Rxe2 25. Rxe2 Rc8 26. f3 Rc7 27.
Bc5 Nh5 28. g3 Bxe5 29. fxe5 a6 30. Ra2 Rc6 31. Ra4 Ng7 32. Rb4 f5 33. Rb8+ Kf7
34. Rb7 Re6 35. Kf2 Ke8 36. Ke2 g5 37. g4 h5 38. h3 hxg4 39. hxg4 f4 40. Kd3
Kd8 41. Kc3 Ne8 42. Kb4 Rc6 43. Rb6 Rxb6+ 44. Bxb6+ Kc8 45. Ka5 Kb7 46. Bd8 Ng7
47. Bxe7 Ne6 48. Bc5 Nc7 49. b4 Ne6 50. Bb6 Ng7 51. b5 axb5 52. Kxb5 Ne6 53.
Bc5 Kc7 54. Ba7 Kd7 55. Bb6 Nf8 56. Kc5 Ke6 57. Bd8 1-0

[Event "OLNO 1920 SG Lok Brandenburg - SF Berli"]
[Site "?"]
[Date "2020.01.19"]
[Round "5.7"]
[White "Weber, Daniel"]
[Black "Schulz, Norbert"]
[Result "1-0"]
[WhiteElo "2082"]
[BlackElo "2080"]
[PlyCount "106"]
[EventDate "2020.??.??"]

1. e4 e5 2. Nf3 Nf6 3. Nc3 Bb4 4. Bc4 d6 5. d3 Be6 6. Bb3 h6 7. O-O Bxb3 8.
axb3 O-O 9. h3 Re8 10. Qe2 Nbd7 11. Nh4 d5 12. exd5 Bxc3 13. bxc3 Nxd5 14. Nf5
N7f6 15. c4 Nb4 16. Bb2 Qd7 17. Ne3 Nc6 18. Qf3 b6 19. Nf5 Kh7 20. Rfe1 Rad8
21. Re2 Re6 22. Rae1 Rde8 23. c3 g6 24. Ng3 a5 25. Rd1 Nd8 26. d4 exd4 27. cxd4
Rxe2 28. Nxe2 Qe6 29. Ng3 Nd7 30. Kh2 f6 31. Rd2 Qd6 32. Re2 Rxe2 33. Qxe2 Qe6
34. Qf3 Kg7 35. Ne4 Nf7 36. Qe3 Qf5 37. Qe2 Qe6 38. Qf3 Ng5 39. Nxg5 hxg5 40.
g3 Qe1 41. Kg2 Qe6 42. Ba3 Nf8 43. Qb7 Qd7 44. d5 Kf7 45. Qb8 Qe8 46. Qxc7+ Nd7
47. Kf1 f5 48. Qd6 Kg8 49. Bc1 Kf7 50. Bxg5 Nc5 51. Qxb6 Ne4 52. Qc7+ Kg8 53.
Bh6 f4 1-0

[Event "OLNO 1920 SG Lok Brandenburg - SF Berli"]
[Site "?"]
[Date "2020.01.19"]
[Round "5.8"]
[White "Mueller, Klaus"]
[Black "Mcgowan, Daniel"]
[Result "0-1"]
[WhiteElo "1945"]
[BlackElo "2102"]
[PlyCount "122"]
[EventDate "2020.??.??"]

1. e4 e6 2. d4 d5 3. Bd3 c5 4. exd5 exd5 5. Qe2+ Be7 6. dxc5 Qa5+ 7. Bd2 Qxc5
8. Nc3 Nf6 9. Nf3 O-O 10. O-O-O Nc6 11. h3 Re8 12. Be3 Qa5 13. Qd2 Bb4 14. Kb1
Be6 15. a3 Bf8 16. Nd4 a6 17. Nxc6 bxc6 18. Ne4 Qxd2 19. Nxf6+ gxf6 20. Rxd2
Bd6 21. Kc1 Kg7 22. g4 c5 23. c3 Rec8 24. Bc2 Rc7 25. Re1 Re8 26. Kd1 Rb8 27.
Bf5 d4 28. cxd4 cxd4 29. Bxd4 Bb3+ 30. Bc2 Bf4 31. Be3 Be5 32. Bxb3 Rxb3 33.
Ree2 Rc4 34. Rc2 Rxc2 35. Rxc2 Bxb2 36. a4 Bc3 37. Ra2 Be5 38. h4 Rb4 39. f3
Bg3 40. h5 Bf4 41. Bxf4 Rxf4 42. Ke2 Rb4 43. Ke3 f5 44. g5 Rh4 45. h6+ Kg6 46.
f4 Rh3+ 47. Kd4 Rf3 48. Ke5 Re3+ 49. Kd5 Re4 50. a5 Rxf4 51. Rc2 Ra4 52. Rc6+
Kxg5 53. Rxa6 f4 54. Ra7 Kg6 55. Ra6+ f6 56. Rb6 Kf5 57. Rb5 f3 58. Kd6+ Kg4
59. Ke6 f2 60. Rb1 Rxa5 61. Kxf6 Ra7 0-1

[Event "OLNO 1920 Greifswalder SV - SG Lok Bran"]
[Site "?"]
[Date "2020.01.18"]
[Round "6.1"]
[White "Rehberg, Raphael"]
[Black "Leisner, Hannes"]
[Result "1/2-1/2"]
[WhiteElo "2234"]
[BlackElo "2239"]
[PlyCount "109"]
[EventDate "2020.??.??"]

1. e4 c5 2. Nf3 e6 3. d4 cxd4 4. Nxd4 a6 5. Bd3 Nf6 6. O-O Qc7 7. Nc3 d6 8. a4
b6 9. f4 Bb7 10. Qf3 Nbd7 11. Qg3 g6 12. Bd2 Bg7 13. Nf3 O-O 14. Rae1 Nc5 15.
Qh4 Rae8 16. f5 exf5 17. exf5 Nxd3 18. cxd3 Qc5+ 19. d4 Qxf5 20. Bg5 h6 21.
Bxh6 Bxh6 22. Qxh6 Bxf3 23. Rxe8 Rxe8 24. Qd2 Ne4 25. Qe3 Nf6 26. Qxf3 Qxf3 27.
Rxf3 Kg7 28. h3 Rc8 29. Kf2 Rh8 30. Ke3 Re8+ 31. Kd3 Re1 32. Kc4 Rc1 33. Re3
Kf8 34. Re2 Nh5 35. Rf2 Ke7 36. Kd5 f5 37. Kc6 b5 38. axb5 axb5 39. Kxb5 Nf6
40. Re2+ Kd7 41. Kc4 Nh5 42. Rf2 Nf6 43. Kd3 d5 44. Rc2 Rg1 45. Ke3 g5 46. b4
Re1+ 47. Kf2 Ra1 48. b5 Ra3 49. Ke2 Rb3 50. g3 Ne4 51. Nxe4 fxe4 52. Rc5 Ke6
53. g4 Rxh3 54. Rc6+ Kd7 55. Rc5 1/2-1/2

[Event "OLNO 1920 Greifswalder SV - SG Lok Bran"]
[Site "?"]
[Date "2020.01.18"]
[Round "6.3"]
[White "Walter, Guenter"]
[Black "Fromm, Marius"]
[Result "1-0"]
[WhiteElo "2151"]
[BlackElo "2214"]
[PlyCount "112"]
[EventDate "2020.??.??"]

1. e4 e5 2. Nc3 Nf6 3. Nf3 Nc6 4. Bb5 Bc5 5. d3 Nd4 6. Ba4 O-O 7. Bg5 h6 8. Bh4
Nxf3+ 9. Qxf3 c6 10. Bxf6 Qxf6 11. Qxf6 gxf6 12. g4 d6 13. Rg1 Kh7 14. Ke2 Be6
15. Bb3 Rg8 16. h3 h5 17. Rg3 Rg5 18. gxh5 Kh6 19. Rag1 Rag8 20. Bxe6 fxe6 21.
h4 Rxg3 22. Rxg3 Rxg3 23. fxg3 Kxh5 24. Kf3 Bd4 25. Nd1 b5 26. c3 Bb6 27. b3 a5
28. Nb2 d5 29. a4 Bc5 30. Nd1 f5 31. Nb2 Ba3 32. Nd1 Bc5 33. Nb2 b4 34. cxb4
Bxb4 35. Nd1 Bc5 36. Nc3 Bb4 37. Ne2 Bd2 38. Ng1 Bc3 39. Ne2 Bd2 40. Ng1 c5 41.
Ne2 Bb4 42. Nc1 Ba3 43. Ne2 Bb2 44. Ng1 Bc3 45. Nh3 Bd2 46. Nf2 d4 47. exf5
exf5 48. g4+ fxg4+ 49. Nxg4 Kxh4 50. Nxe5 Kh3 51. Nd7 Bb4 52. Ne5 Bc3 53. Nc6
Kh2 54. Ke4 Kg2 55. Kd5 Kf3 56. Kxc5 Bb4+ 1-0

[Event "OLNO 1920 Greifswalder SV - SG Lok Bran"]
[Site "?"]
[Date "2020.01.18"]
[Round "6.4"]
[White "Skibbe, Willi"]
[Black "Urban, Hans-Rainer"]
[Result "1/2-1/2"]
[WhiteElo "2214"]
[BlackElo "2030"]
[PlyCount "159"]
[EventDate "2020.??.??"]

1. c4 Nf6 2. Nc3 g6 3. e4 d6 4. d4 Bg7 5. Nf3 O-O 6. Be2 Nc6 7. O-O e5 8. d5
Ne7 9. Ne1 Bd7 10. Nd3 Kh8 11. Be3 h5 12. f3 Nh7 13. c5 f5 14. a4 f4 15. Bf2 g5
16. cxd6 cxd6 17. Nb5 Rf6 18. Nxa7 g4 19. fxg4 f3 20. gxf3 hxg4 21. Nb5 gxf3
22. Nc3 fxe2 23. Qxe2 Bh3 24. Rfe1 Ng5 25. Be3 Nf3+ 26. Kh1 Qe8 27. Rf1 Qh5 28.
Rf2 Raf8 29. Rg1 Bg4 30. Rfg2 Nxh2 31. Rxh2 Bxe2 32. Nxe2 Qxh2+ 33. Kxh2 Rf3
34. Rg3 Rxg3 35. Kxg3 Rg8 36. Kf3 Ng6 37. Bg5 Rf8+ 38. Kg4 Rf1 39. Nc3 Bf6 40.
Nb5 Rg1+ 41. Kf5 Bxg5 42. Kxg6 Bd2+ 43. Kf7 Rg3 44. Nxe5 dxe5 45. d6 Rb3 46.
Ke6 Rxb2 47. Kxe5 Rb4 48. d7 Bg5 49. Nd6 Bh4 50. Nf7+ Kg8 51. d8=Q+ Bxd8 52.
Nxd8 Kf8 53. Kd6 Ke8 54. Ne6 Rxa4 55. Nc5 Rb4 56. Kc7 Ke7 57. Nxb7 Rc4+ 58. Kb6
Rxe4 59. Kc6 Re6+ 60. Kd5 Rb6 61. Nc5 Rh6 62. Ke5 Rh5+ 63. Kd4 Kd6 64. Ne4+ Kc6
65. Nf6 Rf5 66. Ne4 Ra5 67. Nc3 Rh5 68. Ne4 Rd5+ 69. Ke3 Rd8 70. Kf4 Kd5 71.
Nf6+ Ke6 72. Ne4 Rf8+ 73. Ke3 Ke5 74. Nf2 Re8 75. Ng4+ Kf5+ 76. Kf3 Rf8 77. Nf2
Re8 78. Ng4 Rf8 79. Nf2 Kg5+ 80. Ke3 1/2-1/2

[Event "OLNO 1920 Greifswalder SV - SG Lok Bran"]
[Site "?"]
[Date "2020.01.18"]
[Round "6.6"]
[White "Stopsack, Malte"]
[Black "Rettig, Maik"]
[Result "1-0"]
[WhiteElo "2226"]
[BlackElo "2034"]
[PlyCount "51"]
[EventDate "2020.??.??"]

1. e4 e5 2. Nc3 Nc6 3. g3 Nf6 4. Bg2 Bc5 5. Nge2 d6 6. O-O Be6 7. Nd5 Qd7 8. c3
Bh3 9. d4 Bb6 10. Nxb6 axb6 11. f3 Bxg2 12. Kxg2 h6 13. Be3 O-O 14. d5 Ne7 15.
Qd2 Ng6 16. g4 Nh7 17. Ng3 Qe7 18. Nf5 Nh4+ 19. Kh1 Nxf5 20. gxf5 Ng5 21. h4
Nxe4 22. fxe4 Qxh4+ 23. Kg2 Qxe4+ 24. Rf3 g5 25. Bxg5 Qg4+ 26. Rg3 1-0

[Event "OLNO 1920 Greifswalder SV - SG Lok Bran"]
[Site "?"]
[Date "2020.01.18"]
[Round "6.7"]
[White "Schulz, Norbert"]
[Black "Lange, Jannis"]
[Result "0-1"]
[WhiteElo "2080"]
[BlackElo "2042"]
[PlyCount "54"]
[EventDate "2020.??.??"]

1. d4 Nf6 2. c4 g6 3. Nc3 d5 4. Bg5 Ne4 5. Bh4 Nxc3 6. bxc3 dxc4 7. e3 Be6 8.
Qb1 b6 9. Nf3 Bg7 10. Be2 O-O 11. O-O c5 12. Ng5 Bd5 13. Rd1 cxd4 14. cxd4 h6
15. Nf3 Qc8 16. a4 Qe6 17. a5 Nd7 18. Rc1 Rfb8 19. Bg3 Rc8 20. Qb4 g5 21. Nd2
bxa5 22. Rxa5 Nb6 23. Rc5 Bxd4 24. Ra5 Bxe3 25. fxe3 Qxe3+ 26. Bf2 Qxe2 27.
Bxb6 Qxg2# 0-1

[Event "OLNO 1920 Greifswalder SV - SG Lok Bran"]
[Site "?"]
[Date "2020.01.18"]
[Round "6.8"]
[White "Kuersten, Ruediger"]
[Black "Mueller, Klaus"]
[Result "1-0"]
[WhiteElo "2184"]
[BlackElo "1945"]
[PlyCount "93"]
[EventDate "2020.??.??"]

1. d4 Nf6 2. Nf3 d5 3. Bf4 e6 4. e3 c5 5. Nbd2 Nc6 6. c3 a6 7. Bd3 cxd4 8. exd4
Bd6 9. Bg5 h6 10. Bh4 O-O 11. O-O Re8 12. Rc1 Be7 13. Bb1 Nd7 14. Bg3 Bf6 15.
Qc2 g6 16. Rce1 b5 17. Ne5 Ndxe5 18. dxe5 Bg7 19. Nf3 Bb7 20. Qd2 Rc8 21. Bh4
Qc7 22. Bf6 Ne7 23. h4 h5 24. Qg5 Qd7 25. Nd4 b4 26. Re3 bxc3 27. bxc3 Rc4 28.
Rg3 Nf5 29. Bxf5 exf5 30. Nxf5 Qxf5 31. Qxf5 gxf5 32. Rxg7+ Kf8 33. Rh7 Rg4 34.
f3 Rg8 35. Rxh5 Bc8 36. f4 Be6 37. Rf3 Rc8 38. Kh2 Rc4 39. a3 Ke8 40. Rg5 Rxg5
41. Bxg5 Ra4 42. Rg3 f6 43. Bxf6 Rxf4 44. Rg7 Kf8 45. Ra7 Ra4 46. h5 Rg4 47. h6
1-0